Normal view
MARC view
Entry Personal Name
001 - CONTROL NUMBER
- control field: 19818
003 - CONTROL NUMBER IDENTIFIER
- control field: ARRUPE
005 - DATE AND TIME OF LATEST TRANSACTION
- control field: 20150911091543.0
008 - FIXED-LENGTH DATA ELEMENTS
- fixed length control field: 150911|| aca||aabn | a|a d
040 ## - CATALOGING SOURCE
- Original cataloging agency: ARRUPE
- Transcribing agency: ARRUPE
100 ## - HEADING--PERSONAL NAME
- Personal name: Kampis, George
- Relator term: ed.
670 ## - SOURCE DATA FOUND
- Source citation: Work cat.: (ARRUPE)123299: Endophysics :, 1993.